<?xml version="1.0" encoding="UTF-8"?>
<record
    xmlns:xsi="http://www.w3.org/2001/XMLSchema-instance"
    xsi:schemaLocation="http://www.loc.gov/MARC21/slim http://www.loc.gov/standards/marcxml/schema/MARC21slim.xsd"
    xmlns="http://www.loc.gov/MARC21/slim">

  <leader>00574nam a2200193 ar4500</leader>
  <controlfield tag="001">5279</controlfield>
  <controlfield tag="005">20221127091124.0</controlfield>
  <controlfield tag="008">010821s        |||           00010|eng d</controlfield>
  <datafield tag="020" ind1=" " ind2=" ">
    <subfield code="a">9781138137592 (hbk)</subfield>
    <subfield code="c">SR 480</subfield>
  </datafield>
  <datafield tag="082" ind1="0" ind2="4">
    <subfield code="a">728.0941 T706 2015</subfield>
  </datafield>
  <datafield tag="100" ind1="1" ind2=" ">
    <subfield code="a">Towers, Graham</subfield>
  </datafield>
  <datafield tag="245" ind1="1" ind2="3">
    <subfield code="a">An introduction to urban housing design : at home in the city /</subfield>
    <subfield code="c">Graham Towers</subfield>
  </datafield>
  <datafield tag="250" ind1=" " ind2=" ">
    <subfield code="a">1st.ed.</subfield>
  </datafield>
  <datafield tag="260" ind1=" " ind2=" ">
    <subfield code="a">New York.U.S.A</subfield>
    <subfield code="b">Routledge</subfield>
    <subfield code="c">2015</subfield>
  </datafield>
  <datafield tag="300" ind1=" " ind2=" ">
    <subfield code="a">316 pgs.</subfield>
    <subfield code="b">ill.col.</subfield>
    <subfield code="c">24.5 cm.</subfield>
  </datafield>
  <datafield tag="500" ind1=" " ind2=" ">
    <subfield code="a">include Index</subfield>
  </datafield>
  <datafield tag="650" ind1=" " ind2="4">
    <subfield code="a">Architecture, Domestic</subfield>
  </datafield>
  <datafield tag="700" ind1="0" ind2=" ">
    <subfield code="a">Towers, Graham</subfield>
  </datafield>
  <datafield tag="999" ind1=" " ind2=" ">
    <subfield code="c">5276</subfield>
    <subfield code="d">5276</subfield>
  </datafield>
  <datafield tag="952" ind1=" " ind2=" ">
    <subfield code="0">0</subfield>
    <subfield code="1">0</subfield>
    <subfield code="2">DDC</subfield>
    <subfield code="4">0</subfield>
    <subfield code="7">0</subfield>
    <subfield code="a">CENTRAL</subfield>
    <subfield code="b">CENTRAL</subfield>
    <subfield code="d">2022-11-27</subfield>
    <subfield code="l">0</subfield>
    <subfield code="o">728.0941 T706 2015</subfield>
    <subfield code="p">1000000015326</subfield>
    <subfield code="r">2022-11-27 00:00:00</subfield>
    <subfield code="t">C1</subfield>
    <subfield code="w">2022-11-27</subfield>
    <subfield code="y">BK</subfield>
  </datafield>
  <datafield tag="952" ind1=" " ind2=" ">
    <subfield code="0">0</subfield>
    <subfield code="1">0</subfield>
    <subfield code="2">DDC</subfield>
    <subfield code="4">0</subfield>
    <subfield code="7">0</subfield>
    <subfield code="a">Women</subfield>
    <subfield code="b">Women</subfield>
    <subfield code="d">2022-11-27</subfield>
    <subfield code="l">0</subfield>
    <subfield code="o">728.0941 T706 2015</subfield>
    <subfield code="p">1000000016085</subfield>
    <subfield code="r">2022-11-27 00:00:00</subfield>
    <subfield code="t">C2</subfield>
    <subfield code="w">2022-11-27</subfield>
    <subfield code="y">BK</subfield>
  </datafield>
</record>
